Normal view
MARC view
Entry Personal Name
001 - CONTROL NUMBER
- control field: 178994
003 - CONTROL NUMBER IDENTIFIER
- control field:
005 - DATE AND TIME OF LATEST TRANSACTION
- control field: 20210601193705.0
008 - FIXED-LENGTH DATA ELEMENTS
- fixed length control field: 210601|| aca||aabn | a|a d
040 ## - CATALOGING SOURCE
- Original cataloging agency:
- Transcribing agency:
100 ## - HEADING--PERSONAL NAME
- Personal name: Watts, Alan W.
- Fuller form of name: (Alan Wilson),
- Dates associated with a name: 1915-1973
670 ## - SOURCE DATA FOUND
- Source citation: Work cat.: (): Watts, Alan W. (Alan Wilson), 1915-1973, The wisdom of insecurity /, 1974
